Kingston first to vote for a BID (Record no. 118359)

MARC details
000 -LEADER
fixed length control field 00914cam a2200205 4500
001 - CONTROL NUMBER
control field WB@3612-730
008 - FIXED-LENGTH DATA ELEMENTS--GENERAL INFORMATION
fixed length control field 041123n2004 000 0 eng u
035 ## - SYSTEM CONTROL NUMBER
System control number (Sirsi) u128094
245 ## - TITLE STATEMENT
Title Kingston first to vote for a BID
260 ## - PUBLICATION, DISTRIBUTION, ETC.
Date of publication, distribution, etc. 2004
490 ## - SERIES STATEMENT
Series statement Regeneration and Renewal
Volume/sequential designation 19 November 2004, 5(1)
520 ## - SUMMARY, ETC.
Summary, etc. Businesses in Kingston upon Thames became the first in the UK to vote to raise their own taxes to spend on the public realm. Shops and services in the southwest London borough voted to establish the UK's first Business Improvement District (BID). A BID is a defined geographical area in which all business ratepayers contribute a levy into a communal pot that is then used to improve the public realm.
590 ## - LOCAL NOTE (RLIN)
Local note WB
590 ## - LOCAL NOTE (RLIN)
Local note WB
650 ## - SUBJECT ADDED ENTRY--TOPICAL TERM
Topical term or geographic name entry element BUSINESS IMPROVEMENT DISTRICTS
650 ## - SUBJECT ADDED ENTRY--TOPICAL TERM
Topical term or geographic name entry element LOCAL BUSINESSES
650 ## - SUBJECT ADDED ENTRY--TOPICAL TERM
Topical term or geographic name entry element LOCAL ECONOMY
690 ## - LOCAL SUBJECT ADDED ENTRY--TOPICAL TERM (OCLC, RLIN)
Topical term or geographic name as entry element REGENERATION
942 ## - ADDED ENTRY ELEMENTS (KOHA)
Suppress in OPAC 0
Holdings
Withdrawn status Lost status Source of classification or shelving scheme Damaged status Not for loan Home library Current library Shelving location Date acquired Total Checkouts Full call number Barcode Date last seen Copy number Price effective from Koha item type
    Dewey Decimal Classification     London London News article 23/11/2004   WB4045-20 128094-1001 06/08/2019 1 06/08/2019 News article